| 000 | 00292 a2200121 4500 | ||
|---|---|---|---|
| 999 |
_c300373 _d300373 |
||
| 001 | 65300 | ||
| 003 | NUST | ||
| 005 | 20180119121030.0 | ||
| 008 | 180119b xxu||||| |||| 00| 0 eng d | ||
| 082 | _a128.4 WAY | ||
| 100 |
_aDr Wayne W . Dyer _99071 |
||
| 245 |
_aThe Power of Intention _hEnglsih |
||
| 260 |
_aPAF Book Club _bHay House _c2006 |
||
| 300 | _a259p. | ||
| 942 |
_aNUST CAE _cBK _k128.4 WAY _2ddc |
||